|
|
|
|
| LEADER |
00000nab a2200000 a 4500 |
| 001 |
vtls000325553 |
| 003 |
SK-MaSNL |
| 005 |
20260304195615.0 |
| 008 |
250424c1988 xo 0 slo |
| 015 |
|
|
|a SNBRB19rr/mm-uuuuu
|
| 035 |
|
|
|a CL0325675
|
| 035 |
|
|
|a urn:nbn:sk:snk-ab6yyl
|
| 035 |
|
|
|a (uuid)ffab4136-8cae-4bf5-8599-9371f4d30e1f
|
| 035 |
|
|
|a (urnnbn)urn:nbn:sk:snk:ar-a06bn3
|
| 035 |
|
|
|a (sysno)vtls000325553
|
| 040 |
|
|
|a SNKBUCL
|b slo
|c SNKBUCL
|e AACR2
|
| 041 |
0 |
|
|a eng
|
| 044 |
|
|
|a xo
|c SK
|
| 080 |
|
|
|a 616.71-006
|2 1981
|
| 100 |
1 |
|
|a Mäsiar, P. J.
|4 aut
|9 1363391
|
| 245 |
1 |
4 |
|a The role of serine and glutamine in the metabolism of malignant bone tumors and their significance in the diagnosis andprognosis of bone tumors
|c P. J. Mäsiar, E. Medeková
|
| 300 |
|
|
|b Tb. 2. Obr. 6., lit. 17 zázn. v slov., češ., ruš., angl.
|
| 650 |
0 |
7 |
|a kostné nádory
|2 snkbucl
|9 179633
|
| 655 |
|
7 |
|a články z novín a časopisov
|2 snkbucl
|9 267496
|
| 700 |
1 |
|
|a Medeková, E.
|4 aut
|9 944740
|
| 773 |
0 |
|
|t Neoplasma
|g Roč. 35, č. 2 (1988), s. 197-206
|
| 850 |
|
|
|a Slovenská národná knižnica
|
| 852 |
|
|
|a Slovenská národná knižnica
|
| 958 |
|
|
|a article27
|
| 958 |
|
|
|a NB
|
| 958 |
|
|
|a RK
|
| 958 |
|
|
|a MI
|
| 958 |
|
|
|a OND
|
| 958 |
|
|
|a EUIPO
|
| 992 |
|
|
|a RBX
|
| 999 |
|
|
|c 3082343
|d 3084273
|